00419 2200157 4500001002100000005001500021035002000036245007200056100001900128300001200147260004600159082000800205084001400213020002200227990001200249INLIS00000000000259220250605021211 a0010-06250001781 aSuper Modul KSN Ekonomi 4 :bBank Soal Ekonomi /cM. Agung Lazuardi0 aAgung Lazuardi a251 hlm aJakarta :bPT. Jakarta Sains Media,c2022 a330 a330 AGU s a978-623-6111-43-7 a0754871